书目信息 |
| 题名: |
辛弃疾评传
|
|
| 作者: | 王延梯 著 | |
| 分册: | ||
| 出版信息: | 西安 陕西人民出版社 1981 |
|
| 页数: | 204页 | |
| 开本: | 21cm | |
| 丛书名: | 中国古代作家研究丛书 | |
| 单 册: | ||
| 中图分类: | K206.2 | |
| 科图分类: | ||
| 主题词: | 中国--通史 | |
| 电子资源: | ||
| ISBN: | ||
| 000 | 00722nam2 2200265 45 | |
| 001 | 0181009790 | |
| 005 | 20060223152113.81 | |
| 010 | @dCNY0.65 | |
| 091 | @a10094.266 | |
| 100 | @a19950207d1981 em y0chiy0121 ea | |
| 101 | 0 | @achi |
| 102 | @aCN@b610000 | |
| 105 | @ay z 000yb | |
| 200 | 10 | @a辛弃疾评传@Axin qi ji ping zhuan@f王延梯著@Fwang yan ti zhu |
| 210 | @a西安@c陕西人民出版社@d1981 | |
| 215 | @a204页@d21cm | |
| 225 | 2 | @a中国古代作家研究丛书 |
| 410 | 0 | @120010@a中国古代作家研究丛书 |
| 600 | 0 | @a辛弃疾@x评传 |
| 606 | 0 | @a中国@x通史 |
| 690 | @aK206.2 | |
| 701 | 0 | @a王延梯@Awang yan ti@4著 |
| 801 | 2 | @aCN@bNLC@c20060223 |
| 801 | 0 | @aCN@b上海图书馆@c20040506 |
| 905 | @f3@b211912-914@dK206.2@e4 | |
| 辛弃疾评传/王延梯著.-西安:陕西人民出版社,1981 |
| 204页;21cm.-(中国古代作家研究丛书) |
| ISBN :CNY0.65 |
| ● |
| 相关链接 |
|
|
|
|
正题名:辛弃疾评传
索取号:K206.2/4
 
预约/预借
| 序号 | 登录号 | 条形码 | 馆藏地/架位号 | 状态 | 备注 |
| 1 | 0067824 | 202197531 | 密集书库/ [索取号:K206.2/4] | 在馆 | |
| 2 | 0067825 | 202197657 | 密集书库/ [索取号:K206.2/4] | 在馆 | |
| 3 | 0067826 | 202197611 | 密集书库/ [索取号:K206.2/4] | 在馆 | |
| 4 | 0067827 | 001921353 | 密集书库/ [索取号:K206.2/4] | 在馆 | |
| 5 | 0067828 | 202197577 | 密集书库/ [索取号:K206.2/4] | 在馆 | |
| 6 | 0211912 | 001071707 | 第二借阅区/ [索取号:K206.2/4] | 在馆 | |
| 7 | 0211913 | 001071716 | 第二借阅区/ [索取号:K206.2/4] | 在馆 | |
| 8 | 0211914 | 001071725 | 第二样本阅览室/ [索取号:K206.2/4] | 在馆 |